Normal view
MARC view
- Yeats, Don
Entry Personal Name
001 - CONTROL NUMBER
- control field: 5938
003 - CONTROL NUMBER IDENTIFIER
- control field: OSt
005 - DATE AND TIME OF LATEST TRANSACTION
- control field: 20240213145951.0
008 - FIXED-LENGTH DATA ELEMENTS
- fixed length control field: 240213|| aca||aabn | a|a d
040 ## - CATALOGING SOURCE
- Original cataloging agency: OSt
- Transcribing agency: OSt
100 ## - HEADING--PERSONAL NAME
- Personal name: Yeats, Don
670 ## - SOURCE DATA FOUND
- Source citation: Work cat.: (OSt)27: Daniels , Alan . 5935, Practical system design / , 1985.
